ბათუმის შოთა რუსთაველის სახელმწიფო უნივერსიტეტის ბიბლიოთეკა

მოწამლული სარტყელი ; შერლოკ ჰოლმსის თავგადასავალი : (ბიბ.ჩანაწერი № 49589)

000 -ლიდერი
ფიქსირებული სიგრძის საკონტროლო ველი 01126nam a2200229Ia 4500
001 - საკონტროლო ნომერი
საკონტროლო ველი 16521
003 - საკონტროლო ნომრის იდენტიფიკატორი
საკონტროლო ველი GE_BSU
005 - ბოლო ოპერაციის თარიღი და დრო
საკონტროლო ველი 20250121170023.0
008 - ფიქსირებული სიგრძის მონაცემთა ელემენტები - ზოგადი ინფორმაცია
ფიქსირებული სიგრძის საკონტროლო ველი 181216s2010||||ge |||||||||||||| ||geo||
020 ## - წიგნის საერთაშორისო სტანდარტული ნომერი
International Standard Book Number 978-9941-413-85-8
040 ## - კატალოგიზაციის წყარო
Transcribing agency GE_BSU
041 ## - ენის კოდი
Language code of text/sound track or separate title geo
080 ## - უნივერსალური ათობითი კლასიფიკაციის ინდექსი
Universal Decimal Classification number 821.111-312.4 დ-68
100 ## - მთავარი ჩანაწერი - პიროვნების სახელი
Personal name დოილი, ართურ კონან (1859-1930)
9 (RLIN) 24086
245 ## - ცნობა სათაურის შესახებ
Title მოწამლული სარტყელი ; შერლოკ ჰოლმსის თავგადასავალი :
Remainder of title დეტექტივი /
Statement of responsibility, etc ართურ კონან დოილი ; [მთარგმნ. : ზაქარია ქიტიაშვილი [და სხვ.] ; რედ. მანანა ღოღობერიძე].
264 ## - წარმოების, გამოცემის, დისტრიბუციის და სხვა ცნობები
გამოცემის, წარმოების, დისტრიბუციის... ადგილი თბილისი :
გამოცემის, წარმოების, დისტრიბუციის... სახელწოდება პალიტრა L,
გამოცემის, წარმოების, დისტრიბუციის... თარიღი 2010.
300 ## - ფიზიკური აღწერა
Extent 256გვ. ; 18სმ.
653 ## - INDEX TERM--UNCONTROLLED
Uncontrolled term დეტექტივი
653 ## - INDEX TERM--UNCONTROLLED
Uncontrolled term მოწამლული სარტყელი ; შერლოკ ჰოლმსის თავგადასავალი
942 ## - ADDED ENTRY ELEMENTS (KOHA)
Koha item type წიგნი
Source of classification or shelving scheme
ეგზემპლარები
ჩამოწერის სტატუსი დაკარგული ეგზემპლარის სტატუსი დაზიანების სტატუსი არ გაიცემა შეძენის თარიღი შტრიხკოდი ბოლო ოპერაციის თარიღი ფასის ძალაში შესვლის თარიღი ეგზემპლარის სახეობა
        2018-12-17 27624 2018-12-17 2018-12-17 წიგნი